| 000 | 00000nam 2200000za 4500 |
| 001 | 9.816906 |
| 003 | CaOODSP |
| 005 | 20221107142344 |
| 007 | cr ||||||||||| |
| 008 | 160504s2008 xxc |o f|0| 0 fre d |
| 020 | |a978-1-100-90037-7 |
| 040 | |aCaOODSP|bfre |
| 043 | |an-cn--- |
| 086 | 1 |aHP5-76/1-2008F-PDF |
| 110 | 2 |aAgence de santé publique du Canada. |bDivision des services de vérification. |
| 245 | 10|aRapport de vérification |h[ressource électronique] : |badministration de la paie, des congés et des heures supplémentaires. |
| 260 | |a[Ottawa] : |bAgence de santé publique du Canada, |c2008. |
| 300 | |a50 p. : |btableaux. |
| 500 | |aOctobre 2008. |
| 500 | |aPubli. aussi en anglais sous le titre : Audit report: on payroll, leave and overtime administration. |
| 692 | 07|2gccst|aVérification |
| 775 | 08|tAudit report |w(CaOODSP)9.816813 |
| 856 | 40|qPDF|s243 Ko|uhttps://publications.gc.ca/collections/collection_2016/aspc-phac/HP5-76-1-2008-fra.pdf |